5 Seconds of Summer Charting Songs (Billboard Hot 100) - Statistics

General Stats
  • This quiz has been taken 295 times
    182 since last reset
  • The average score is 8 of 15
Answer Stats
Album Weeks On Peak Artist(s) Song % Correct
Youngblood 48 Weeks #7 5 Seconds of Summer Youngblood
98%
5 Seconds of Summer 20 Weeks #24 5 Seconds of Summer She Looks So Perfect
95%
Sounds Good Feels Good 9 Weeks #22 5 Seconds of Summer She's Kinda Hot
79%
5 Seconds of Summer 20 Weeks #16 5 Seconds of Summer Amnesia
74%
Ghostbusters 1 Week #68 5 Seconds of Summer Girls Talk Boys
72%
Calm 16 Weeks #48 5 Seconds of Summer Easier
64%
World War Joy 16 Weeks #52 The Chainsmokers ft. 5 Seconds of Summer Who Do You Love
64%
5 Seconds of Summer 2 Weeks #34 5 Seconds of Summer Good Girls
62%
5 Seconds of Summer 3 Weeks #47 5 Seconds of Summer Don't Stop
60%
Sounds Good Feels Good 1 Week #95 5 Seconds of Summer Jet Black Heart
59%
Youngblood 1 Week #61 5 Seconds of Summer Want You Back
58%
5 Seconds of Summer 1 Week #28 5 Seconds of Summer Kiss Me Kiss Me
24%
5 Seconds of Summer 1 Week #24 5 Seconds of Summer Everything I Didn't Say
14%
Non-Album Single 3 Weeks #85 5 Seconds of Summer Complete Mess
13%
Sounds Good Feels Good 1 Week #100 5 Seconds of Summer Fly Away
8%
No matching quizzes found
Score Distribution
Percent of People with Each Score
Percentile by Number Answered
Your Score History
You have not taken this quiz since the last reset